000 01416nam a2200325 i 4500
003 EG-GICUC
005 20260121101338.0
008 251124s2003 ua |||fr|||| 000 0 ara d
017 _a3002/13156
020 _a9771017950
040 _a EG-GICUC
_bara
_c EG-GICUC
_d EG-GICUC
_erda
041 0 _aara
082 0 4 _221
_a345.31
_bم ح . ض
092 0 4 _221
099 _aLaw1 07 345.31 م ح . ض 2003
100 0 _aالقحطاني، محمد عبد الحساوي
_eمؤلف.
245 1 2 _aالضبط الإداري :
_bسلطاته وحدوده في دولة الإمارات العربية المتحدة دراسة مقارنة مع مصر.
_nالدراسة الأولى،
_pفي دولة الإمارات العربية المتحدة /
_cالقحطاني، محمد عبد الحساوي.
264 1 _aالقاهرة :
_b[دار أبو المجد]،
_c2003.
300 _a633 ؛ صفحة
_c24 سم.
_bإيضاحيات، صور، مثيليات ؛
336 _2rda content
_atext
337 _2rda media
_aComputer
338 _2rda carrier
_aOnline Resource
504 _a ببليوجرافيا: صفحات. يشتمل على إرجاعات ببليوجرافية.
546 _aالنص باللغة العربية
650 1 4 _aالضبط الإداري
_2qrmak
651 1 _2qrmak
856 4 0 _uhttps://fll.law.cu.edu.eg/fulltext/bks/B07-00862.pdf
905 _a78
942 _2ddc
_cBK
_e21
_n0
999 _c45714
_d45714